Acciones positivas: formas de enfrentar la asimetría social /
En este artículo se parte de un concepto ciudadano y democrático de las acciones positivas o afirmativas para considerar algunas cuestiones generales al respecto, las diversas formas de aplicación que existen, los pasos para su aplicación y una reflexión sobre sus problemas y límites. El objetivo es...
Uloženo v:
| Hlavní autor: | |
|---|---|
| Médium: | Text |
| Témata: | |
| Tagy: |
Přidat tag
Žádné tagy, Buďte první, kdo vytvoří štítek k tomuto záznamu!
|
MARC
| LEADER | 00000 a a2200000 04500 | ||
|---|---|---|---|
| 001 | 43347 | ||
| 003 | |||
| 040 | |||
| 100 | |a Soto, Clyde | ||
| 245 | |a Acciones positivas: |b formas de enfrentar la asimetría social / |c Clyde Soto | ||
| 520 | |a En este artículo se parte de un concepto ciudadano y democrático de las acciones positivas o afirmativas para considerar algunas cuestiones generales al respecto, las diversas formas de aplicación que existen, los pasos para su aplicación y una reflexión sobre sus problemas y límites. El objetivo es brindar un panorama de las acciones positivas que permita visualizar la amplia gama de posibilidades que ofrece esta herramienta que de poco a poco se ha ido desarrollando para hacer real la igualdad. | ||
| 590 | |a RRH/AGOSTO2012 | ||
| 650 | |a 1.DEMOCRACIA | ||
| 650 | |a 2.IGUALDAD DE GENERO | ||
| 650 | |a 3.MARCO INSTITUCIONAL | ||
| 650 | |a 4.POLITICA SOCIAL | ||
| 650 | |a 5.NORMAS | ||
| 773 | |g páginas 65-84 | ||
| 999 | |c 34143 |d 34143 | ||
